El descubrimiento de sí mismo: (Record no. 14516)

MARC details
000 -CABECERA
campo de control de longitud fija 00799nam a2200229 a 4500
005 - FECHA Y HORA DE LA ÚLTIMA TRANSACCIÓN
campo de control 20220914063743.0
008 - ELEMENTOS DE LONGITUD FIJA--INFORMACIÓN GENERAL
campo de control de longitud fija 991125s1997 bar 000 0 spa u
020 ## - NÚMERO INTERNACIONAL NORMALIZADO PARA LIBROS
Número Internacional Estándar del Libro 8478271597
035 ## - NÚMERO DE CONTROL DEL SISTEMA
Número de control de sistema UPN01000014516
049 ## - COLECCIÓN
Colección CG
050 #4 - SIGNATURA TOPOGRÁFICA DE LA BIBLIOTECA DEL CONGRESO
Número de clasificación GV443
Número de documento/Ítem F3.3
100 1# - ASIENTO PRINCIPAL--NOMBRE PERSONAL
Nombre de persona Farreny Terrado, María Teresa
245 13 - MENCIÓN DE TÍTULO
Título El descubrimiento de sí mismo:
Resto del título actividades y juegos de motricidad en la escuela infantil (2o. ciclo) /
Mención de responsabilidad, etc. Ma. Teresa Farreny Terrado, Gabriel Román Sánchez.
260 ## - PUBLICACIÓN, DISTRIBUCIÓN, ETC.
Lugar de publicación, distribución, etc. Barcelona, Esp. :
Nombre del editor, distribuidor, etc. Graó,
Fecha de publicación, distribución, etc. 1997.
300 ## - DESCRIPCIÓN FÍSICA
Extensión 72 p.
440 #0 - MENCIÓN DE SERIE/ASIENTO SECUNDARIO--TÍTULO
Título Serie metodología y recursos ;
Designación de volumen o secuencia 113
650 #4 - ASIENTO SECUNDARIO DE MATERIA - TERMINO TEMATICO
Término de materia o nombre geográfico como elemento de entrada EDUCACION FISICA PARA NIÑOS
9 (RLIN) 16252
650 #7 - ASIENTO SECUNDARIO DE MATERIA - TERMINO TEMATICO
Término de materia o nombre geográfico como elemento de entrada Educación psicomotriz
Fuente del encabezamiento o término
9 (RLIN) 5394
650 #7 - ASIENTO SECUNDARIO DE MATERIA - TERMINO TEMATICO
Término de materia o nombre geográfico como elemento de entrada Psicomotricidad
Fuente del encabezamiento o término
9 (RLIN) 5010
700 1# - ASIENTO SECUNDARIO--NOMBRE DE PERSONAL
Nombre de persona Román Sánchez, Gabriel,
Término indicativo de función/relación coaut.
905 ## - TIPO DE MATERIAL
Tipo de material Libro
Holdings
Estado de retiro Estado de pérdida Fuente del sistema de clasificación o colocación Estado dañado No para préstamo Código de colección Localización permanente Ubicación/localización actual Ubicación en estantería Fecha de adquisición Total de préstamos Clasificación Código de barras Fecha visto por última vez Fecha del último préstamo Número de copia Tipo de ítem Koha
    Library of Congress Classification     Colección General Bib. Gregorio Torres Quintero Bib. Gregorio Torres Quintero Planta baja 19/09/2024 20 GV443 F3.3 167108 30/10/2024 22/10/2024 1 Libro
    Library of Congress Classification     Colección General Bib. Gregorio Torres Quintero Bib. Gregorio Torres Quintero Planta baja   12 GV443 F3.3 157278 02/12/2024 26/11/2024 1 Libro
    Library of Congress Classification     Colección General Bib. Gregorio Torres Quintero Bib. Gregorio Torres Quintero Planta baja   12 GV443 F3.3 167109 29/11/2024 26/11/2024 1 Libro